Nihon fashizumu no keisei /
Saved in:
| Other Authors: | |
|---|---|
| Format: | Book |
| Language: | Japanese |
| Published: |
Tōkyō-to :
Nihon Hyōronsha,
1978.
|
| Edition: | Dai 1-han. |
| Series: | Taikei Nihon gendaishi ;
1. |
| Subjects: | |
| Tags: |
Add Tag
No Tags, Be the first to tag this record!
|
| LEADER | 01106nam a2200313 a 4500 | ||
|---|---|---|---|
| 001 | 007573473-7 | ||
| 005 | 20024617115958.0 | ||
| 008 | 900514s1978 ja b 000 0 jpn | ||
| 010 | |a 79807182 | ||
| 035 | 0 | |a ocm21531290 | |
| 040 | |a DLC |c NcD |d *YNH* |d CStRLIN | ||
| 245 | 0 | 0 | |6 880-01 |a Nihon fashizumu no keisei / |c Eguchi Keiichi hen. |
| 250 | |6 880-02 |a Dai 1-han. | ||
| 260 | |6 880-03 |a Tōkyō-to : |b Nihon Hyōronsha, |c 1978. | ||
| 300 | |a 6, 3, 302 p. ; |c 19 cm. | ||
| 490 | 1 | |6 880-04 |a Taikei Nihon gendaishi ; |v 1 | |
| 504 | |a Includes bibliographical references. | ||
| 650 | 0 | |a Fascism |z Japan |x History. | |
| 651 | 0 | |a Japan |x History |y 1926-1945. | |
| 700 | 1 | |6 880-05 |a Eguchi, Keiichi, |d 1932- | |
| 880 | 0 | 0 | |6 245-01 |a 日本ファシズムの形成 / |c 江口圭一編. |
| 880 | |6 250-02 |a 第1版. | ||
| 880 | |6 260-03 |a 東京都 : |b 日本評論社, |c 1978. | ||
| 880 | 1 | |6 490-04 |a 体系・日本現代史 ; |v 第1卷 | |
| 880 | 1 | |6 700-05 |a 江口圭一, |d 1932- | |
| 830 | 0 | |6 880-54 |a Taikei Nihon gendaishi ; |v 1. | |
| 880 | 0 | |6 830-54 |a 体系・日本現代史 ; |v 第1卷. | |
| 988 | |a 20021214 | ||
| 906 | |0 DLC | ||


